عرض عادي عرض مارك
  • Radionuclide Imaging

مدخل مصطلح موضوعي

عدد التسجيلات المستخدمة في: 4

001 - رقم الضبط

  • حقل الضبط: 64455

003 - معرف رقم الضبط

  • حقل الضبط: OSt

005 - تاريخ ووقت أخر عملية

  • حقل الضبط: 20180829162814.0

008 - عناصر بيانات ثابتة الطول

  • حقل تحكم ثابت الطول: 180829|| aca||aabn | a|a d

040 ## - مصدر الفهرسة

  • هيئة الفهرسة الأصلية: OSt
  • وكالة الكتابة: OSt

150 ## - مدخل-- مصطلح تاريخي

  • عنصر مدخل المصطلح الموضوعي او الاسم الجغرافي: Radionuclide Imaging
  • تفريع عام: methods
  • تفريع شكلي: Handbooks.

670 ## - بيانات المصدر موجوده

  • الاستشهاد بالمصدر: Work cat.: (OSt)0: Shackett, Pete. 64453, Nuclear medicine technology :, [2008], c2009.